Crayola Colors: Real or Fake Quiz Stats

 Plays Quiz Updated May 17, 2017

Support Sporcle.
Go Orange.
Score 0/25 Timer 05:00
0 Plays Today
% Correct
Blue
82.8%
Red
82.6%
Burnt Sienna
75.3%
Electric Lime
72.1%
Eggplant
69.7%
Cornflower
68.3%
Atomic Tangerine
60.7%
Macaroni and Cheese
58.9%
Purple Pizzazz
58.4%
Razzle Dazzle Rose
57.5%
Caribbean Green
57.3%
Purple Mountains' Majesty
55.4%
Razzmatazz
53.7%
% Correct
Piggy Pink
52.7%
Neon Carrot
51.6%
Wisteria
50.8%
Jazzberry Jam
50.3%
Wild Blue Yonder
49.3%
Tropical Rain Forest
48.4%
Fuzzy Wuzzy Brown
47.2%
Purple Heart
45%
Bittersweet
38.6%
Shadow
36.3%
Outer Space
30.3%
Inchworm
29%

You're not logged in!

Compare scores with friends on all Sporcle quizzes.
OR
Log In
Forgot?

From the Vault

'C' Artists by 3 Singles

by citkeane

Consider this a chance to catch up on some cool singles.
Remove Ads.
Support Sporcle.
Get the best of Sporcle when you Go Orange. This ad-free experience offers more features, more stats, and more fun while also helping to support Sporcle. Thank you for becoming a member.

Show Comments

Extras

Top Quizzes Today


Score Distribution

Your Account Isn't Verified!

In order to create a playlist on Sporcle, you need to verify the email address you used during registration. Go to your Sporcle Settings to finish the process.

Report this User

Report this user for behavior that violates our Community Guidelines.

Details: